Canciones de Bad Bunny por album - Statistics

General Stats
  • This quiz has been taken 234 times
  • The average score is 60 of 131
Answer Stats
X100PRE % Correct
LA CANCION
80%
Safaera
79%
MONACO
74%
Un Verano Sin Ti
73%
Moscow Mule
69%
Titi Me Pregunto
69%
Yo Perreo Sola
65%
DtMF
64%
Neverita
64%
Otra Noche en Miami
64%
NADIE SABE
63%
Andrea
62%
Party
62%
La Santa
60%
Si Veo a Tu Mama
60%
Callaita
59%
LA NOCHE DE ANOCHE
59%
Me Porto Bonito
59%
Ojitos Lindos
59%
PERRO NEGRO
59%
DAKITI
58%
120
57%
<3
57%
Un Coco
57%
La Romana
56%
MIA
56%
NUEVAYoL
56%
El Apagon
55%
Tarot
55%
Agosto
54%
BAILE INoLVIDABLE
54%
FINA
54%
Despues de la Playa
53%
VOY A LLeVARTE PA PR
53%
BOOKER T
51%
Efecto
51%
EoO
51%
HIBIKI
51%
NO ME QUIERO CASAR
51%
CANCION CON YANDEL
50%
CYBERTRUCK
50%
Enseñame a Bailar
50%
La Corriente
50%
La Dificil
50%
Bichiyal
49%
TELEFONO NUEVO
49%
ACHO PR
48%
Caro
48%
LA MuDANZA
48%
NI BIEN NI MAL
48%
Si Estuviesemos Juntos
48%
VeLDA
48%
Aguacero
47%
MERCEDES CAROTA
47%
UN PESO
47%
25/8
46%
La Zona
46%
MR. OCTOBER
46%
QUE PRETENDES
46%
CAFé CON RON
45%
LO QUE LE PASO A HAWAii
45%
SEDA
45%
TURiSTA
45%
BABY NUEVA
44%
Otro Atardecer
44%
THUNDER Y LIGHTNING
44%
200 Mph
43%
BATICANO
43%
KLOuFRENS
43%
Solia
43%
TRELLAS
43%
Un Ratito
43%
Como Antes
42%
P FKN R
42%
TE MUDASTE
42%
UN PREVIEW
42%
A Tu Merced
41%
BOKeTE
41%
Estamos Bien
41%
RLNDT
41%
Una Vez
41%
WELTiTA
41%
Solo de Mi
40%
Vete
40%
WHERE SHE GOES
40%
YO VISTO ASI
40%
COMO SE SIENTE - Remix
39%
HACIENDO QUE ME AMAS
39%
LA DROGA
39%
PIToRRO DE COCO
39%
Cuando Perriabas
38%
Esta Cabron Ser Yo
38%
Hablamos Mañana
38%
KETU TeCRE
38%
PERFuMITO NUEVO
38%
VUELVE CANDY B
38%
COMO UN BEBE
37%
Dos Mil 16
37%
EL MUNDO ES MIO
37%
EUROPA :)
37%
LOS PITS
37%
Me Fui de Vacaciones
37%
MOJAITA
37%
Que Malo
37%
VOU 787
37%
EL CLuB
36%
MALDITA POBREZA
36%
Yo No Soy Celoso
36%
BAD CON NICKY
35%
HOY COBRE
35%
EN CASITA
34%
Ignorantes
34%
PA'ROMPERLA
34%
CANTARES DE NAVIDAD
33%
GRACIAS POR NADA
33%
ODIO
33%
Puesto Pa' Guerrial
33%
SORRY PAPI
33%
Tenemos que hablar
33%
BYE ME FUI
31%
Pero Ya No
31%
TE DESEO LO MEJOR
31%
BENDICIONES
30%
RONCA FREESTYLE
30%
ANTES QUE SE ACABE
29%
Ser Bichote
28%
YO LE LLEGO
28%
SI ELLA SALE
25%
MAS DE UNA CITA
24%
CUIDAO POR AHI
23%
¿Quien tu eres?
21%
No matching quizzes found
Score Distribution
Percent of People with Each Score
Percentile by Number Answered
Your Score History
You have not taken this quiz